| 000 | 00670nam a2200253Ia 4500 | ||
|---|---|---|---|
| 003 | OSt | ||
| 005 | 20221007063140.0 | ||
| 006 | a|||||r|||| 00| 0 | ||
| 007 | ta | ||
| 008 | 221006b |||||||| |||| 00| 0 eng d | ||
| 024 | _a5,245 | ||
| 037 | _cTextual | ||
| 040 |
_aFLL _cFLL _beng |
||
| 041 |
_2eng _aeng |
||
| 082 | _aZ2:801, K8 | ||
| 100 |
_aAiyar T.L.Venkatarama Au. _9683842 |
||
| 245 | 0 | _aKey to Indian practice | |
| 250 | _a5th | ||
| 260 |
_aBombay _bN.M.Tripathi India _c1968 |
||
| 300 |
_a92p _ccm. |
||
| 650 |
_aCivil procedure _9681550 |
||
| 942 |
_hZ2:801, K8 _cTEXL _2CC |
||
| 999 |
_c1130512 _d1130512 |
||